ALL Dance Moms Dancers (ALDC) - Statistics

General Stats
  • This quiz has been taken 245 times
  • The average score is 27 of 57
Answer Stats
Hint Answer % Correct
S1-6 Maddie Ziegler
99%
S1-7 Nia Frazier
98%
S1-4 Brooke Hyland
97%
S1-6 Mackenzie Ziegler
97%
S1-4 Paige Hyland
97%
S1-4, 7 Chloe Lukasiak
95%
S4 (1 episode) Chloe Nguyen
95%
S2-7 Kendall Vertes
92%
Mini Team Kendyl Fay
92%
S4-7 Kalani Hilliker
81%
S6-7 Mini, S8 Elliana Walmsley
78%
S5-6 Jojo Siwa
78%
S5-7 Brynn Rumfallo
77%
S6-7 Mini, S8 Lilliana Ketchman
76%
S2-5 (intermittently) Payton Ackerman
71%
S8 Sarah Georgiana
71%
S4 Select Team and other dances Sarah Hunt
71%
S4 Select Team Sarah Reasons
71%
S3 Asia Ray
68%
S4 Select Team Ava Cota
68%
Mini Team Peyton Evans
66%
S8 Gianina Paolantonio
63%
S8 Brady Farrar
61%
S7 Camryn Bridges
60%
S4 Select Team Kamryn Beck
50%
Mini Team Areana Lopez
49%
S8 (1 episode) Kamryn Smith
49%
S8 Pressley Hosbach
47%
S4 (1 episode) Gino Cosculella
44%
S4 Select Team Tea Adamson
43%
S8 Hannah Colin
41%
S4 Select Team Jade Cloud
39%
S5-7 Maesi Caes
36%
S8 Savannah Kristich
35%
S3 (3 episodes) Sophia Lucia
33%
S4 (1 episode) Fallon Chapman
29%
Mini Team Alexus Oladi
27%
S8 (not shown, 1 episode) Paris Moore
26%
S3 (2 episodes) Ally Serigne
25%
S2 (one episode) Nicaya Wiley
25%
S1,2 (one episode each) Brandon Pent
22%
S1-3 (certain dances) Nick Dobbs
22%
S3 (2 episodes) Bella Hoffheins
21%
S3 (2 episodes) Kaeli Ware
21%
S2 Senior dancer (1 episode) Nina Linhart
21%
S7 (few episodes) Davianna Fletcher
18%
Mini Team Alysa Owen
17%
S7 (one episode) Jane Dickson
15%
S6 Male Dancer Will Simmons
12%
S4 (1 episode) Kayleigh Cavanaugh
11%
S6 Male dancer Yadiel Figueroa
11%
S4 Senior team Kevin Cosculella
9%
S2 Senior dancer (1 episode) Katherine Narasimhan
7%
S8 (not shown, 1 episode) Berkleigh Hernandez
6%
S2 Senior Dancer (1 episode) Auriel Welty
5%
S6 (one episode) Saryna Garcia
3%
S6 Male Dancer Simeon Johnson
3%
No matching quizzes found
Score Distribution
Percent of People with Each Score
Percentile by Number Answered
Your Score History
You have not taken this quiz